书目信息 |
| 题名: |
中国人的家
|
|
| 作者: | 郭亦城 册主编 | |
| 分册: | ||
| 出版信息: | 北京 北京联合出版公司 2018.8 |
|
| 页数: | 123页 | |
| 开本: | 24cm | |
| 丛书名: | ||
| 单 册: | ||
| 中图分类: | TU241.5 | |
| 科图分类: | ||
| 主题词: | 民居--建筑艺术--中国--少年读物 | |
| 电子资源: | ||
| ISBN: | 978-7-5596-2263-1 | |
| 000 | 00805nam0 2200265 450 | |
| 001 | 009848243 | |
| 005 | 20190510093228.0 | |
| 010 | @a978-7-5596-2263-1@dCNY32.80 | |
| 090 | @aTU241@bgyc | |
| 096 | @aTU241@bgyc | |
| 100 | @a20181012d2018 cemy0chiy0120 ea | |
| 101 | 0 | @achi |
| 102 | @aCN@b110000 | |
| 105 | @aa z 000yy | |
| 106 | @ar | |
| 200 | 1 | @a中国人的家@b专著@f郭亦城册主编@9zhong guo ren de jia |
| 210 | @a北京@c北京联合出版公司@d2018.8 | |
| 215 | @a123页@c彩图@d24cm | |
| 300 | @a中国国家地理 博物少年百科·了不起的科学/许秋汉主编 第3辑 | |
| 300 | @a北京市绿色印刷工程——优秀青少年读物绿色印刷示范项目 | |
| 606 | 0 | @a民居@x建筑艺术@y中国@j少年读物 |
| 690 | @aTU241.5@v5 | |
| 701 | 0 | @a郭亦城@c(科普)@4册主编@9guo yi cheng |
| 801 | @b人天书店 | |
| 905 | @aTSG@dTU241.5@eG860@f2 | |
| 中国人的家/郭亦城册主编.-北京:北京联合出版公司,2018.8 |
| 123页:彩图;24cm |
| 中国国家地理 博物少年百科·了不起的科学/许秋汉主编 第3辑.-北京市绿色印刷工程——优秀青少年读物绿色印刷示范项目 |
| ISBN 978-7-5596-2263-1:CNY32.80 |
| ● |
| 相关链接 |
|
|
|
正题名:中国人的家
索取号:TU241.5/G860
 
预约/预借
| 序号 | 登录号 | 条形码 | 馆藏地/架位号 | 状态 | 备注 |
| 1 | 1534374 | 215343741 | 建筑库101/101建筑库 65排4列5层/ [索取号:TU241.5/G860] | 在馆 | |
| 2 | 1534375 | 215343750 | 建筑库101/101建筑库 65排4列5层/ [索取号:TU241.5/G860] | 在馆 |